|
|
|
|
| LEADER |
00000cam a22000004a 4500 |
| 001 |
musev2_1364 |
| 003 |
MdBmJHUP |
| 005 |
20230905040215.0 |
| 006 |
m o d |
| 007 |
cr||||||||nn|n |
| 008 |
100222s2010 nyu o 00 0 eng d |
| 010 |
|
|
|z 2010005120
|
| 020 |
|
|
|a 9781438432809
|
| 020 |
|
|
|z 1438432801
|
| 020 |
|
|
|z 1438432798
|
| 020 |
|
|
|z 9781438432793
|
| 035 |
|
|
|a (OCoLC)681350932
|
| 040 |
|
|
|a MdBmJHUP
|c MdBmJHUP
|
| 043 |
|
|
|a e-gr---
|
| 050 |
0 |
4 |
|a PA4413.A7
|b F46 2010
|
| 082 |
0 |
|
|a 882/.01
|2 22
|
| 245 |
0 |
0 |
|a Feminist Readings of Antigone /
|c edited by Fanny Söderbäck.
|
| 264 |
|
1 |
|a Albany :
|b State University of New York Press,
|c 2010.
|
| 264 |
|
3 |
|a Baltimore, Md. :
|b Project MUSE,
|c 2012
|
| 264 |
|
4 |
|c ©2010.
|
| 300 |
|
|
|a 1 online resource (272 pages).
|
| 336 |
|
|
|a text
|b txt
|2 rdacontent
|
| 337 |
|
|
|a computer
|b c
|2 rdamedia
|
| 338 |
|
|
|a online resource
|b cr
|2 rdacarrier
|
| 490 |
0 |
|
|a SUNY series in gender theory
|
| 504 |
|
|
|a Includes bibliographical references and index.
|
| 505 |
0 |
0 |
|t Introduction: Why Antigone today? /
|r Fanny Söderbäck --
|t Prologue: Nomadic Antigone /
|r Moira Fradinger --
|t After Antigone: Women, the past, and the future of feminist political thought /
|r Catherine A. Holland --
|t On the body of Antigone /
|r Adriana Cavarero --
|t Impossible mourning: Sophocles reversed /
|r Fanny Söderbäck --
|t The performative politics and rebirth of Antigone in ancient Greece and modern South Africa /
|r Tina Chanter --
|t The eternal irony of the community /
|r Luce Irigaray --
|t "the celestial Antigone, the most resplendent figure ever to have appeared on earth": Hegel's feminism /
|r J.M. Bernstein --
|t Promiscuous obedience /
|t Judith Butler --
|t Antigone's line /
|r Mary Beth Mader --
|t Beyond pleasure: the other history of sexuality /
|r Cecilia Sjöholm --
|t Transgressing with-in-to the feminine /
|r Bracha L. Ettinger --
|t Antigone: Limit and horizon /
|r Julia Kristeva.
|
| 588 |
|
|
|a Description based on print version record.
|
| 600 |
0 |
0 |
|a Sophocles.
|t Antigone.
|
| 650 |
|
0 |
|a Tragedy.
|
| 650 |
|
0 |
|a Sex role in literature.
|
| 650 |
|
0 |
|a Women in literature.
|
| 650 |
|
0 |
|a Antigone (Greek mythology) in literature.
|
| 650 |
|
0 |
|a Feminism and literature
|z Greece.
|
| 655 |
|
7 |
|a Electronic books.
|2 local
|
| 700 |
1 |
|
|a Söderbäck, Fanny,
|d 1978-
|
| 710 |
2 |
|
|a Project Muse.
|e distributor
|
| 830 |
|
0 |
|a SUNY series in gender theory.
|
| 830 |
|
0 |
|a Book collections on Project MUSE.
|
| 856 |
4 |
0 |
|z Texto completo
|u https://projectmuse.uam.elogim.com/book/1364/
|
| 945 |
|
|
|a Project MUSE - Custom Collection
|
| 945 |
|
|
|a Project MUSE - 2010 Philosophy and Religion
|
| 945 |
|
|
|a Project MUSE - 2010 Complete
|